[Event "Candidates Tournament"]
[Site "Moscow"]
[Date "2016.03.27"]
[Round "13"]
[White "Aronian, Levon"]
[Black "Karjakin, Sergey"]
[Result "1/2-1/2"]
[WhiteElo "2786"]
[BlackElo "2760"]
[Annotator "Sagar Shah"]
[PlyCount "202"]
[EventDate "2016.03.11"]
[EventType "tourn"]
[EventRounds "14"]
[EventCountry "RUS"]
[EventCategory "22"]
[SourceTitle "CBM 172"]
[Source "ChessBase"]
[SourceDate "2016.05.12"]
[SourceVersion "1"]
[SourceVersionDate "2016.05.12"]
[SourceQuality "1"]

1. c4 e5 2. Nc3 Nf6 3. Nf3 Nc6 4. g3 d5 {Against Svidler in this same
tournament Karjakin had played 4...Bb4. This time he goes for the reversed
Sicilian Dragon.} 5. cxd5 Nxd5 6. Bg2 Nb6 7. O-O Be7 8. d3 Be6 9. a3 O-O 10.
Be3 {This was already played by Aronian against Jon Ludvig Hammer in Norway
Chess 2015.} (10. b4 {is of course, the natural follow up.}) 10... Qd7 11. b4
f6 12. Ne4 Nd5 13. Bd2 a5 14. Nc5 (14. b5 Nd4 $11 {is completely fine for
Black.}) 14... Bxc5 15. bxc5 a4 16. Rb1 Rfb8 17. Qc2 (17. e4 Nde7 18. Be3 Bb3
19. Qd2 Rd8 {and White isn't able to get the d4-break.}) 17... Nde7 18. Rb2 {
Making a square for the queen on b1.} Bb3 19. Qb1 (19. Rxb3 axb3 20. Qxb3+ Kh8
{is surely not enough compensation.}) 19... Kh8 (19... Nf5 20. e3 Rd8 21. Bh3
Be6 22. Rxb7 Qxd3 23. Rxc7 $14) 20. Rc1 Na7 $1 {Played after a long think. The
knight will be well placed on b5 and the other knight could go to c6. This
Nc6-a7-b5 is a great manoeuvre by Sergey.} 21. Bb4 {The main idea of this move
is to clear the d2-square for the knight on f3.} Nb5 (21... Nec6 22. Nd2 Nd4
23. Nxb3 Nxb3 24. Rc4 c6 25. Rh4 h6 26. Bh3 Qd5 $11 {with a fine position for
Black.}) 22. Nd2 Bf7 $6 {After this move White is able to wrest the initiative
from Black.} (22... Nd4 $1 23. Nxb3 (23. Re1 Bd5 $15) 23... Nxb3 24. Rc4 c6 $11
) 23. e3 $1 {Taking the d4-square under control. Suddenly the knight on b5
looks misplaced. Around this point Aronian was very happy with his position.}
Bg6 (23... c6 {weakens the b6- and d6-squares.} 24. Nc4 $14 {[%cal Gc4b6]}) (
23... Bd5 {neutralising the g2-bishop might well be the best idea in this
position.} 24. c6 bxc6 25. Ne4 $44 {with excellent compensation for White} Bxe4
26. Bxe4 f5 27. Bg2 Nd5 28. Qc2 Ra6 (28... Nxb4 29. Rxb4 Nxa3 30. Rxb8+ Rxb8
31. Qxa4 $16) 29. Qc4 $14) 24. Ne4 Nd5 25. Be1 $1 {Keeping the bishop pair.
But what about the a3-pawn?} Nxa3 $6 (25... c6 {was more solid, but here White
has an interesting exchange sacrifice with} 26. Rxb5 cxb5 27. Nd6 $5 Nc7 28.
Bb4 $44 {White has full compensation for the missing exchange.}) 26. c6 $1 {
Of course this was prepared beforehand by Aronian.} Qe7 $8 (26... Qxc6 27. Qa1
$1 $18) (26... Nxb1 27. cxd7 Na3 28. Nc5 $18) 27. Qa2 bxc6 28. Rxc6 Bf7 29. Rc5
$1 {This move is not so easy to see but is extremely strong. A lot of factors
are at work here and the lining up of the g2-bishop against the a8-rook is one
of the reasons why White is clearly better.} (29. Ng5 fxg5 30. Rxb8+ Rxb8 31.
Bxd5 Be8 $1 $13) (29. Nd6 cxd6 30. Rxb8+ Rxb8 31. Bxd5 Qb7 $1 $17) 29... Nxe3
$6 {This sacrifice looks scary for White} (29... f5 30. Ng5 $1 Qxg5 (30... Bg8
31. Rxb8 Rxb8 32. Qxa3 Rb3 (32... Rb1 33. Bxd5 Rxe1+ 34. Kg2 Bxd5+ 35. Rxd5 $1
$18) 33. Qc1 $18) 31. Bxd5 Bxd5 32. Rxd5 {The knight on a3 is sort of trapped.}
c6 33. Rxb8+ Rxb8 34. Rxe5 Qf6 35. Ra5 $18) (29... Nc3 30. Qxa3 Rxb2 31. Qxb2
Nxe4 32. Bxe4 Qxc5 33. Bxa8 $18) (29... Rxb2 30. Qxb2 $18) (29... Nb5 30. Rbxb5
Rxb5 31. Rxb5 $16) 30. Qxa3 $6 (30. Rxb8+ $1 {was the better move but Aronian
was afraid of} Rxb8 31. Qxa3 Nc2 {This was the move that Levon was afraid of} (
31... Nxg2 32. Kxg2 $16) 32. Qc1 $1 {This move gives White a clearly better
position.} Nxe1 (32... Nd4 33. Rxc7 Qd8 34. Kf1 $16) 33. Rxc7 $1 (33. Qxe1 $6
f5 $1 $11) 33... Qf8 (33... Qd8 34. Rxf7 $18) (33... Qb4 34. Rxf7 Nxd3 35. Qc3
Qb1+ 36. Bf1 $18) 34. Qxe1 a3 35. Qa1 a2 36. Nc3 $18) 30... Rxb2 31. Qxb2 Nxg2
32. Kxg2 a3 33. Qb7 Qd8 34. Qxc7 Qxc7 (34... a2 35. Qxd8+ Rxd8 36. Ra5 Rxd3 37.
Ra8+ Bg8 38. Nc3 Rd8 39. Ra5 h6 40. Nxa2 $16) (34... Qxd3 35. Nxf6 $1 (35. Qxf7
Qxe4+ 36. Kf1 a2 37. Ra5 a1=Q 38. Rxa1 Qh1+ 39. Ke2 Qe4+ $11) (35. Nd6 Bd5+ 36.
Kg1 h6 $1 $19 (36... Qd1 $2 37. Qc8+ Rxc8 38. Rxc8+ Bg8 39. Nf7#)) 35... gxf6
36. Qxf7 $18) 35. Rxc7 Bd5 (35... a2 36. Bc3 Bd5 {transposes.}) 36. Rc5 (36.
Kh3 a2 37. Bc3 a1=Q 38. Bxa1 Rxa1 39. Rc8+ Bg8 $11) 36... a2 37. Bc3 Bg8 {
At first sight it may seem that the position is just winning for White as he
has extra piece against the pawn. However, it is not true. Black has some
defensive chances this because the a2-pawn is just too strong.} 38. Ba1 Rb8 39.
Ra5 $6 (39. Rc1 Rb1 40. Rf1 Rb3 (40... Bd5 41. f3 Rb3 42. Nc3 $16) 41. Nc3 $16
{and White is able to preserve the d3-pawn which makes a huge difference as
compared to the game.}) 39... Rb1 40. Bc3 Rd1 $1 {And this is the huge
difference. White loses the d3-pawn and Black is able to defend this position.}
41. Kf3 Rxd3+ {Now Black's defensive chances have improved by leaps and bounds
as he has two pawns.} 42. Ke2 Rd8 43. f4 {Aronian was pinning his hopes on
this move.} Bc4+ 44. Kf2 exf4 45. gxf4 Kg8 46. Nd2 Bf7 47. Ke3 h5 48. f5 Rc8
49. Ne4 Bd5 50. Rc5 (50. Rxd5 Rxc3+ $19) 50... Rd8 51. Nd2 Bf7 52. Ra5 Rc8 53.
Ne4 Bd5 54. Nc5 Re8+ 55. Kd3 Rd8 56. Bd4 Re8 57. Kd2 Ra8 $1 58. Rxa8+ Bxa8 {
After the rook exchange the position is drawn because while White is busy
winning the a2-pawn, his f5-pawn would fall.} 59. Ke3 Kh7 60. Kf4 Kh6 61. Ne6
Kh7 62. Nf8+ Kg8 63. Ng6 Kf7 64. Ke3 Bc6 65. Bb2 Bd7 66. Ke4 Bc6+ 67. Kd4 Bd7
68. Nh4 Ba4 69. Ng2 Bc2 70. Ne3 Bb1 71. Kc3 Kg8 72. Nc2 Kh7 73. Nd4 Kh6 74.
Bc1+ Kh7 75. Kb2 Kg8 76. Bd2 Kh7 77. Bb4 Kg8 78. Bc3 Kh7 79. Kc1 Kh6 80. h4 Kh7
81. Kd2 Kg8 82. Ke3 Kh7 83. Kf4 Bd3 84. Nc6 Kg8 85. Nb4 Bb1 86. Na6 Kf7 87. Nc5
Bc2 88. Ne4 Bd1 89. Ng3 Kg8 90. Ke3 Bc2 91. Bb2 Kh7 92. Kf4 Bd1 93. Ne4 Bc2 94.
Nd6 Kg8 95. Ke3 Kf8 96. Kd4 Ke7 97. Kc5 Kd7 98. Bc3 Bd3 99. Kd5 Bc2 100. Ne4
Bxe4+ 101. Kxe4 Kd6 {A masterful defensive effort by Karjakin. Aronian was
noticeably depressed after the game. With this draw he had lost his chance to
win the Candidates. "It is like you are in the process of making a beautiful
painting and then you just throw the brush away!"ќ was Aronian's way of
describing how the game went for him.} 1/2-1/2

[Event "Candidates Tournament"]
[Site "Moscow"]
[Date "2016.03.13"]
[Round "3"]
[White "Topalov, Veselin"]
[Black "Aronian, Levon"]
[Result "0-1"]
[WhiteElo "2780"]
[BlackElo "2786"]
[Annotator "Sagar Shah"]
[PlyCount "100"]
[EventDate "2016.03.11"]
[EventType "tourn"]
[EventRounds "14"]
[EventCountry "RUS"]
[EventCategory "22"]
[SourceTitle "CBM 172"]
[Source "ChessBase"]
[SourceDate "2016.05.12"]
[SourceVersion "1"]
[SourceVersionDate "2016.05.12"]
[SourceQuality "1"]

1. c4 {Topalov played his first white today and opened with the c-pawn.} Nf6 {
Aronian played this quite instantly, so the English Opening wasn't really a
surprise for him.} 2. Nc3 e5 3. Nf3 Nc6 4. g3 Bb4 5. Bg2 O-O {This opening
position occurred quite a few times at the Candidates 2016. In this position,
many new and interesting ideas were found in this tournament.} 6. Nd5 (6. O-O {
is the other main line.}) 6... e4 7. Nh4 {Black usually replies ...Re8. But
Aronian went for a relatively unknown move which has not been played by any
top player.} d6 $5 {This move has been played by Aronian's compatriot Minasian,
but Levond was unaware of that game. 12 days later Anand would land in the
same position as Black against Nakamura and get badly burned.} 8. Nxb4 (8.
Nxf6+ Qxf6 9. Bxe4 Re8 $1 10. Bg2 Bg4 $1 {Just have a look at the black pieces.
This is a completely winning position for Black.} 11. f3 Be6 $19) (8. a3 Bc5 9.
O-O Re8 10. e3 g5 $5 {was Nakamura-Anand, a game which the American won with
ease.}) 8... Nxb4 9. a3 Nc6 10. d3 d5 $1 {A very concrete way to approach the
position.} 11. O-O (11. cxd5 Qxd5 12. dxe4 Qxd1+ 13. Kxd1 Rd8+ 14. Kc2 Nd4+ $36
) 11... exd3 12. Qxd3 $6 (12. exd3 $11 {would have given White an entirely
viable position, but without any advantage. This was not to Topalov's liking.})
(12. cxd5 {is also fine but does not give an advantage.} dxe2 13. Qxe2 Nxd5 14.
Rd1 Be6 $11) 12... Ne5 $1 13. Qd4 $6 (13. Qc2 Nxc4 14. e4 {is a possible way
to play. The queen is of course better placed on c2 than on d4.} c6 (14... Be6
15. b3 Nb6 16. e5 $1 $44) 15. b3 Ne5 16. Bb2 Ng6 17. Nxg6 hxg6 18. Bxf6 (18. e5
Bf5 $15) 18... Qxf6 19. exd5 cxd5 20. Bxd5 Rd8 $11) 13... Nxc4 14. e4 {Topalov
thought that he had excellent compensation but that isn't the case. Aronian
makes the best move.} Be6 15. b3 Na5 $1 (15... Nb6 {is also possible but ...
Na5 attacks a pawn.}) 16. Qa4 Nc6 (16... c6 17. Bd2 b6 18. Bxa5 bxa5 19. Qxc6 (
19. exd5 cxd5 $17) 19... dxe4 20. Bxe4 Rc8 21. Qa4 Qb6 $17 {is some sort of a
computer line showing that even c6 was not so bad.}) (16... c5 {is possible
and Topalov was intending to meet it with} 17. b4 cxb4 18. axb4 Nc4 $15 {
Black seems to be slightly better.}) 17. Rd1 $2 {This was a big blunder by
Veselin, after which he is effectively two pawns down.} (17. exd5 Nxd5 18. Bb2
$44) 17... Nxe4 $1 18. Bb2 (18. Bxe4 Qf6 $1 $17 {This move, which attacks the
a1-rook, was missed by Topalov.}) 18... Qe7 $17 {Black is two pawns up and
with some care he should win the game with ease. Aronian didn't realise his
advantage in the best possible manner but it was good enough.} 19. b4 a6 20.
Qc2 f6 21. Rac1 Rad8 22. Bf1 Rd7 23. f3 Nd6 24. Re1 (24. Bd3 g5 25. Ng2 Nc4 26.
Bxc4 dxc4 27. Rxd7 Qxd7 28. Rd1 Qe7 29. f4 {was a line suggested by Aronian in
the press conference as better than what Topalov played in the game. But here
the computer comes up with an counter-intuitive move which gives Black a
strong advantage.} gxf4 $5 {Usually humans would never make such a move
because the knight on g2 was passive and on f4 it would sit very nicely. But
the engine sees that the knight on f4 cannot do much due to the bishop on f7
and Black has a huge advantage.} 30. Nxf4 Bf7 $19) 24... Qf7 25. Bd3 g5 26. Ng2
Nc4 27. f4 Nxb2 28. Qxb2 Bh3 29. a4 h6 30. b5 axb5 31. axb5 Ne7 32. Qf2 Nf5 33.
Qf3 Kg7 34. Kh1 Re7 35. Rxe7 Qxe7 36. Qh5 (36. Qxd5 {is possible, but after}
Rd8 37. Qe4 Qxe4 38. Bxe4 Nd6 39. Rxc7+ Rd7 40. Rxd7+ Bxd7 41. Bd5 Bxb5 $17 {
Black should have excellent winning chances.}) 36... Bxg2+ 37. Kxg2 Ne3+ 38.
Kg1 f5 39. Qe2 Rf6 40. Qb2 gxf4 41. gxf4 Kh7 42. Kh1 Qg7 43. Qe2 d4 44. Qf3 c6
45. bxc6 bxc6 46. h3 Rg6 47. Rb1 Rg3 48. Qh5 Qd7 49. Kh2 Rg2+ 50. Kh1 Qd5 {
One can say that this was a pretty one sided affair and Topalov didn't really
have a chance in the game after he was two pawns down post opening.} 0-1

[Event "Candidates Tournament"]
[Site "Moscow"]
[Date "2016.03.25"]
[Round "12"]
[White "Svidler, Peter"]
[Black "Giri, Anish"]
[Result "1/2-1/2"]
[WhiteElo "2757"]
[BlackElo "2793"]
[Annotator "Sagar Shah"]
[PlyCount "169"]
[EventDate "2016.03.11"]
[EventType "tourn"]
[EventRounds "14"]
[EventCountry "RUS"]
[EventCategory "22"]
[SourceTitle "CBM 172"]
[Source "ChessBase"]
[SourceDate "2016.05.12"]
[SourceVersion "1"]
[SourceVersionDate "2016.05.12"]
[SourceQuality "1"]

1. c4 e5 2. Nc3 Nf6 3. Nf3 Nc6 4. g3 d5 5. cxd5 Nxd5 6. Bg2 Nb6 7. O-O Be7 8.
a3 O-O 9. b4 Be6 10. Rb1 (10. b5 Nd4 11. Nxe5 Bb3 $19) 10... f6 11. d3 {
In this position Black has two ways to continue. One is to go directly Nd4 and
other one is to include a5 and b5 before playing Nd4. Anish chooses the latter.
} a5 12. b5 Nd4 13. Nd2 Qc8 {Defending the b7 pawn.} 14. e3 Nf5 15. Qc2 a4 16.
Rd1 Nd6 $146 {The first new move of the game but it seemed as if both were
already out of their preparation. The plans in this position are pretty well
established and both the players are following them. A move here or there
doesn't really change the character of the game.} 17. Nde4 $5 {An interesting
idea by Peter who doesn't mind giving up an exchange to Bb3.} Nxe4 (17... Bb3
18. Rxb3 axb3 19. Qxb3+ $44) 18. Nxe4 (18. dxe4 Bb3 19. Rxb3 axb3 20. Qxb3+ Kh8
{With the bishop closed on g2 this doesn't look great.}) 18... Bd5 {Giri is
always well aware of the dangers and chooses the most solid way to play.} (
18... Bb3 $6 {This wins an exchange but gives White excellent light square
control.} 19. Rxb3 axb3 20. Qxb3+ $44 Kh8 {White can now continue either with
his light square strategy with Nc3 or break in the centre with d4.}) 19. Nc5
Bxg2 20. Kxg2 Bxc5 21. Qxc5 Qe6 $1 {At this point the position might be round
about equal but it seems like Black has much easier play thanks to his knight
having more scope against the bishop.} 22. Bb2 (22. Qxc7 $2 Nd5 23. Qc2 (23.
Qxb7 Rfb8 24. Qc6 Qxc6 25. bxc6 Rxb1 $19) 23... Rfc8 $19 {With the knight
coming to c3 this is just winning for Black.}) (22. e4 {Svidler wanted to play
this but was afraid of} f5 {White should be fine after} (22... Rf7 23. Be3 {
And the bishop is much better posted on e3 than in the game.}) 23. Bb2 Rae8 24.
exf5 Qxf5 25. Rd2 {White is not getting mated here and should have a decent
position.}) 22... Rf7 23. Bc3 Rd7 24. Bb4 Rad8 (24... h5 {Giri was thinking
about this move here.} 25. h4 Rad8 26. e4 f5 27. exf5 Qxf5 28. Re1 Rf7 $17 {
When the insertion of h4 and h5 looks to be in Black's favour and he doesn't
have any back rank problems now.} 29. Rxe5 $2 Qf3+ 30. Kg1 Nd7 $19) 25. e4 f5
26. exf5 $6 (26. Rbc1 {Keeping the position was better.}) 26... Qxf5 {Black
has some initiative now because White's kingside is weak and the rook is
coming to the f-file and the knight is joining in via d5.} 27. Re1 Nd5 $1 (
27... Qxd3 28. Rbd1 $36) (27... Rxd3 28. Qxc7 $16) 28. Qc4 Rf7 29. Rb2 h6 {
This looks a little bit too slow.} (29... Qf3+ {According to the computer this
was the best move. Giri had seen it but he wasn't sure if it was any good.} 30.
Kg1 Nxb4 31. Qxb4 Rd4 (31... Rxd3 32. Qxa4 $11) 32. Qc5 Rxd3 $17 {Engines
claim this is just better but Anish thought it was extremely drawish. Well
what can we say? When it comes to evaluating drawn positions you cannot argue
with a man who made 14/14 draws in the tournament.}) 30. Qe4 Qd7 31. Qxe5 Qxb5
{This exchange of the b5-pawn for e5 is in Black's favour.} 32. Qe4 (32. Be7 $2
Qc6 $1 {was the point missed by Peter.} 33. Bxd8 Nf4+ $19) 32... Qd7 (32... c5
33. Bc3 Qc6 34. Be5 b5 $15 {looks to be in Black's favour with his queenside
pawns rolling down, although one cannot underestimate the power of the e5
bishop which has finally found a good square.}) 33. Qe6 Qxe6 (33... b6 34. Qxd7
Rdxd7 35. Bd2 {With the idea of later Bf4 if the knight moves seems fine for
White. In any case these positions are always slightly more pleasant for Black.
}) 34. Rxe6 Nxb4 35. Rxb4 Rxd3 36. f4 (36. Rxa4 Rd2 37. Re8+ Kh7 38. Rf4 Rxf4
39. gxf4 Kg6 $15 {This might well be a draw but during the game Peter thought
that this was really bad for him.}) 36... Rxa3 37. Rxb7 Ra2+ 38. Kh3 Rc2 39.
Ra6 Rf5 40. Rxa4 Rh5+ 41. Kg4 Rhxh2 42. Ra8+ (42. Raa7 h5+ 43. Kg5 Rc3 44. Rxc7
Rxg3+ 45. Kf5 Kh7 $17) 42... Kh7 43. Rbb8 Rc4 $1 {A strong move by Anish which
keeps the game going although it should be a draw.} 44. Rf8 (44. Re8 {was
surely better to keep the option of giving a check on e6.} Kg6 45. Re6+ Kf7 46.
Rae8 $11) 44... Kg6 45. Rae8 h5+ 46. Kf3 Rcc2 47. Re6+ Kh7 48. Re3 Rhf2+ 49.
Ke4 Rc6 50. Rf5 Kh6 51. Rd5 (51. Re5 $2 h4 52. gxh4 Rc4+ 53. Kd3 Rfxf4 54. h5
Rfd4+ 55. Ke2 Rc2+ 56. Kf3 Rh4 $19) 51... h4 52. gxh4 Rc4+ 53. Kd3 Rfxf4 (53...
Rcxf4 54. Re6+ Rf6 55. Rxf6+ Rxf6 56. Rc5 c6 57. Ke4 $11) 54. Re6+ Kh7 55. Rh5+
(55. Re7 {was the easier way to draw.} Rxh4 56. Rdd7 Rhg4 57. Rxg7+ Rxg7 58.
Rxg7+ Kxg7 59. Kxc4 $11) 55... Kg8 56. Re7 Rfd4+ 57. Ke3 Rd1 58. Ke2 Rg1 59.
Rg5 Rxg5 60. hxg5 Kh7 (60... Kf8 61. Rd7 Re4+ 62. Kf3 Re7 {is also drawn but
there are some more chances.}) 61. Ke3 Kg6 62. Rd7 {The rest of the game is
not so important. White has sufficient defensive resources.} Rc5 63. Re7 Rc1
64. Kd2 Rc6 65. Ke2 Rc3 66. Kd2 Rc4 67. Kd3 Rc5 68. Ke3 c6 69. Rc7 Re5+ 70. Kf4
Rf5+ 71. Ke4 Rf1 72. Ke3 Re1+ 73. Kf3 Rc1 74. Kg4 Rc3 75. Kf4 Rc4+ 76. Kf3 Rc2
77. Kg4 Rc1 78. Kf4 c5 79. Kg4 c4 80. Rc6+ Kf7 81. Kf5 Rf1+ 82. Ke5 Re1+ 83.
Kf5 g6+ 84. Kf4 Rf1+ 85. Ke4 1/2-1/2

[Event "Candidates Tournament"]
[Site "Moscow"]
[Date "2016.03.23"]
[Round "10"]
[White "Svidler, Peter"]
[Black "Nakamura, Hikaru"]
[Result "1/2-1/2"]
[WhiteElo "2757"]
[BlackElo "2790"]
[Annotator "Sagar Shah/CB Website"]
[PlyCount "60"]
[EventDate "2016.03.11"]
[EventType "tourn"]
[EventRounds "14"]
[EventCountry "RUS"]
[EventCategory "22"]
[SourceTitle "CBM 172"]
[Source "ChessBase"]
[SourceDate "2016.05.12"]
[SourceVersion "1"]
[SourceVersionDate "2016.05.12"]
[SourceQuality "1"]

1. c4 e5 2. Nc3 Nf6 3. Nf3 Nc6 4. g3 Bb4 5. Bg2 O-O 6. O-O d6 (6... e4 {
is the much sharper line.}) 7. d3 h6 8. Na4 $5 {Of course, the idea of this
move is to catch the bishop on b4.} a5 9. b3 Re8 10. Bb2 Bf5 11. e3 Qe7 {
The main reason why the queen is not so well placed on e7 is because from d7
it can prepare the bishop going to h3, and also the e7 square can be kept free
for the knight on c6.} ({After the game Hikaru said that he knew Qd7 wasn't a
good move. It seems like he confused this position with some other position,
or he saw something really deep, because on the surface Qd7 looks perfectly
alright. The thing to worry about is surely d4 trying to trap the bishop. So
let's have a look at that move.} 11... Qd7 12. d4 e4 13. Nh4 Bg4 14. Qc2 d5 $5
(14... g5 {now doesn't work due to} 15. f3 $1 {and now Black would have hoped
that his queen was on e7.}) 15. a3 Bf8 16. Nc3 {and this might be the position
which has to be delved into.}) 12. a3 (12. d4 e4 13. Nh4 Bg4 14. Qc2 g5 $15)
12... Bc5 13. Nc3 (13. h3 $5 $14 {I like this move because it takes advantage
of the fact that the queen and the bishop have not taken control of the c8-h3
diagonal.}) 13... Qd7 {Now that d4 is no longer a threat, Black puts his queen
on the right spot and prepares Bh3.} 14. Nd5 (14. Re1 $5 {should have been
given a serious thought, as the g2 bishop is the soul of the position, and
keeping it on the board is in White's favour.} Bh3 15. Bh1 $14) 14... Nxd5 15.
cxd5 Ne7 16. d4 exd4 17. Nxd4 {White would have had a pretty big edge here if
his rook was on e1. As it turns out the rook is still on f1 and the bishops
can be exchanged with Bh3.} Bh3 $1 $11 18. e4 c6 19. dxc6 Nxc6 20. Bxh3 Qxh3
21. Nxc6 bxc6 22. b4 Bb6 (22... axb4 23. axb4 Rxa1 (23... Bxb4 24. Qd4 $18) 24.
Bxa1 (24. Qxa1 Bxb4 25. Bxg7 Rxe4 $11 26. Bh8 {is nicely refuted by} Qxf1+ $1
27. Kxf1 Re1+ 28. Qxe1 Bxe1 $17) 24... Ba7 25. Qxd6 Rxe4 26. Bc3 (26. Qxc6 $2
Bxf2+ $1 $19) 26... Qe6 $11) 23. Qxd6 Rxe4 24. Qxc6 Rae8 25. Qxb6 $6 (25. Bc3 {
was an oppotunity to play for a win with the extra pawn.} axb4 26. axb4 Qe6 27.
Qxe6 R8xe6 $14 {White has decent chances to press in this position.}) 25... Rh4
$1 {This leads to an immediate draw.} 26. gxh4 Qg4+ 27. Kh1 Qf3+ 28. Kg1 Qg4+
29. Kh1 Qf3+ 30. Kg1 Qg4+ 1/2-1/2